<?xml version="1.0" encoding="UTF-8"?>
<collection xmlns="http://www.loc.gov/MARC21/slim">
 <record>
  <leader>01519nam a2200193Ia 4500</leader>
  <controlfield tag="001">CTU_226090</controlfield>
  <controlfield tag="008">210402s9999    xx            000 0 und d</controlfield>
  <datafield tag="082" ind1=" " ind2=" ">
   <subfield code="a">912</subfield>
  </datafield>
  <datafield tag="082" ind1=" " ind2=" ">
   <subfield code="b">N277</subfield>
  </datafield>
  <datafield tag="110" ind1=" " ind2=" ">
   <subfield code="a">National Geographic Society (U.S.)</subfield>
  </datafield>
  <datafield tag="245" ind1=" " ind2="0">
   <subfield code="a">National Geographic global atlas :</subfield>
  </datafield>
  <datafield tag="245" ind1=" " ind2="2">
   <subfield code="b">A comprehensive picture of today with more than 300 new maps, infographics, and illustrations</subfield>
  </datafield>
  <datafield tag="245" ind1=" " ind2="0">
   <subfield code="c">National Geographic Society (U.S.)</subfield>
  </datafield>
  <datafield tag="260" ind1=" " ind2=" ">
   <subfield code="a">Washington, D.C.</subfield>
  </datafield>
  <datafield tag="260" ind1=" " ind2=" ">
   <subfield code="b">National Geographic</subfield>
  </datafield>
  <datafield tag="260" ind1=" " ind2=" ">
   <subfield code="c">2014</subfield>
  </datafield>
  <datafield tag="520" ind1=" " ind2=" ">
   <subfield code="a">From the changing shape of the warming northern polar region to the southern end of the globe in Antarctica, this atlas offers extraordinary new cartographic coverage of the entire globe. Through state-of-the-art maps and cutting-edge graphic design, this completely updated atlas covers the latest geopolitical developments and illuminates the important trends that grip the planet. From new political maps that review areas of turbulent civil strife in the Middle East to thematic spreads that highlight freshwater scarcity, climate and global warming, population growth, and more, this innovative book addresses the world's challenges and celebrates its wonders. Filled with dynamic infographics and compelling annotations and captions, NATIONAL GEOGRAPHIC GLOBAL ATLAS documents the critical facts, developments, and trends of our ever-evolving human and natural landscape.</subfield>
  </datafield>
  <datafield tag="650" ind1=" " ind2=" ">
   <subfield code="a">Tập bản đồ,Atlases</subfield>
  </datafield>
  <datafield tag="980" ind1=" " ind2=" ">
   <subfield code="a">Trung tâm Học liệu Trường Đại học Cần Thơ</subfield>
  </datafield>
 </record>
</collection>
